000 01211nam a2200229Ia 4500
001 L220-4508
003 IT-CnALBA
008 170116s9999||||xx |||||||||||||| ||und||
040 _aIT-CnALBA
_cIT-CnALBA
041 _aITALIANO
100 _aBARRA GIOVANNI, SACERDOTE.
245 0 _aLA BIBBIA, PAROLA D'AMORE.
250 _a1a ed.
260 _aCINISELLO BALSAMO (MI)
_bEDIZIONI PAOLINE
_c1974 [1° Ed.:1974 - Ed.Ling.Originale: 1974]
300 _a344 p.
500 _aINTRODUZIONE DI BARRA G. IL PIANTO D'UN DIO UOMO. PREGHIERA E FEDE. VERITÀ DELL'AMORE. AMIVIZIA E AMORE. AMORE SOPRA OGNI COSA. GIUDIZIO E AMORE. MESSAGGIO DELL'AMORE. AMORE E INGRATITUDINI. DOLORE E AMORE. APOLOGETICA E AMORE. TRADIMENTO DELL'AMORE. PECC
501 _aSocietà San Paolo EM - Piazza San Paolo, 14 - 12051 ALBA (CN) (non commercial uses only) ® Copyright 2017
520 _aINTRODUZIONE DI BARRA G. IL PIANTO D'UN DIO UOMO. PREGHIERA E FEDE. VERITÀ DELL'AMORE. AMIVIZIA E AMORE. AMORE SOPRA OGNI COSA. GIUDIZIO E AMORE. MESSAGGIO DELL'AMORE. AMORE E INGRATITUDINI. DOLORE E AMORE. APOLOGETICA E AMORE. TRADIMENTO DELL'AMORE. PECC
650 _aBIBBIA - TESTI E COMMENTI
942 _cBK
957 _71
999 _a5485
_bNO
_g Copie: 1
_c263693
_d263693